Ingres

Saved in:
Bibliographic Details
Main Author: Finberg, A. J.
Other Authors: Hare, T. Leman (Editor)
Format: Electronic eBook
Language:English
Published: Project Gutenberg, 2013
Series:Project Gutenberg 42573
Online Access:http://www.gutenberg.org/etext/42573
Rights
Tags: Add Tag
No Tags, Be the first to tag this record!
Call Number :

MARC

LEADER 00000cam a22000003a 4500
001 77176
003 MY-KLNDU
005 20241219035020.0
008 210403s2013||||xxu|||||s|||||000 | eng d
035 |a (PGUSA)42573 
039 9 |y 202104031429  |z VLOAD 
040 |a PGUSA  |b eng 
042 |a dc 
100 1 |a Finberg, A. J. 
245 1 0 |a Ingres  |h [electronic resource] /  |c by A. J. Finberg; edited by T. Leman Hare 
260 |b Project Gutenberg,  |c 2013 
500 |a Project Gutenberg 
506 |a Freely available. 
516 |a Electronic text 
599 |a Dummy Record 
700 1 |a Hare, T. Leman,  |e Editor 
830 0 |a Project Gutenberg  |v 42573 
856 4 0 |u http://www.gutenberg.org/etext/42573 
856 4 2 |u http://www.gutenberg.org/license  |3 Rights 
999 |a vtls000087906  |c 77176  |d 77176